|
|
|
|
| LEADER |
00000nam a2200000 a 4500 |
| 001 |
vtls001400918 |
| 003 |
SK-MaSNL |
| 005 |
20260301161847.0 |
| 008 |
240801s2000 xo a rg slo |
| 015 |
|
|
|a SNBA2001/01-00258
|
| 020 |
|
|
|a 8071652598
|
| 035 |
|
|
|a SNK000355407
|
| 035 |
|
|
|a urn:nbn:sk:snk-amkm2l
|
| 035 |
|
|
|a urn:nbn:sk:snk-am003bfp
|
| 035 |
|
|
|a EB1E2DBD-C42A-4B83-AD02-E7279603E462
|
| 040 |
|
|
|a SNK
|b slo
|c SNK
|e AACR2
|
| 041 |
0 |
|
|a slo
|
| 044 |
|
|
|a xo
|c SK
|
| 080 |
|
|
|a 885.4-1(087.5)
|2 1981
|
| 100 |
1 |
|
|a Humeníková, Jana
|4 aut
|9 65699
|
| 245 |
1 |
0 |
|a Belasý zvonček
|c Jana Humeníková ; [ilustrácie Hedviga Čišková]
|
| 260 |
|
|
|a Prešov
|b Michal Vaško
|c 2000
|
| 300 |
|
|
|a 71 s.
|b fareb. ilustr.
|c 21 cm
|
| 655 |
|
7 |
|a umelecká literatúra
|2 SNK
|9 60405
|
| 655 |
|
7 |
|a poézia pre deti
|2 SNK
|9 86748
|
| 700 |
1 |
|
|a Čišková, Hedviga
|4 ill
|9 65700
|
| 852 |
|
|
|a Slovenská národná knižnica
|
| 919 |
|
|
|a 80-7165-259-8
|
| 954 |
|
|
|a beletria pôvodná (slovenská)
|2 lita
|
| 958 |
|
|
|a OND
|
| 958 |
|
|
|a TL
|
| 958 |
|
|
|a LX
|
| 999 |
|
|
|c 811069
|d 812999
|
| 952 |
|
|
|t P60, <03>, [BOOK], {603}
|a SNK
|b SNK
|y PREZ
|7 0
|p 17A0260022
|o snkSC 103263
|i snkKSP 12122/2000
|0 0
|1 0
|4 0
|d 2000-11-21
|f 1
|l 0
|r 2025-09-24 00:00:00
|w 2026-02-24
|
| 952 |
|
|
|t P60, <04>, [BOOK], {604}
|a SNK
|b SNK
|y PREZ
|7 0
|p 17A0260023
|o snkSC 103263 D1
|i snkKSP 12123/2000
|0 0
|1 0
|4 0
|d 2000-11-21
|l 0
|r 2005-01-02 00:00:00
|w 2026-02-24
|